| 000 | 00391nam a2200157Ia 4500 | ||
|---|---|---|---|
| 005 | 20260417150919.0 | ||
| 008 | 260417s9999||||xx |||||||||||||| ||und|| | ||
| 020 | _a9781847427328 | ||
| 041 | _aeng | ||
| 100 | _aEvans | ||
| 245 | 0 | _aCommunity and ageing | |
| 260 |
_bCambridge, Cambridge, _c2022 |
||
| 650 | _aMedia & Communication | ||
| 856 | _u10.46692/9781847427328 | ||
| 942 | _cE-BOOK | ||
| 999 |
_c50672 _d50672 |
||